MARC details
| 000 -LEADER |
| fixed length control field |
02320cas a2200577 i 4500 |
| 001 - CONTROL NUMBER |
| control field |
data |
| 005 - DATE AND TIME OF LATEST TRANSACTION |
| control field |
20260322212110.0 |
| 008 - FIXED-LENGTH DATA ELEMENTS--GENERAL INFORMATION |
| fixed length control field |
data |
| 010 ## - LIBRARY OF CONGRESS CONTROL NUMBER |
| LC control number |
82646187 |
| 016 7# - NATIONAL BIBLIOGRAPHIC AGENCY CONTROL NUMBER |
| Record control number |
010510489 |
| Source |
Uk |
| 019 ## - |
| -- |
1353610559 |
| -- |
1353610559 |
| 022 0# - INTERNATIONAL STANDARD SERIAL NUMBER |
| International Standard Serial Number |
0251-4788 |
| Source |
z |
| 023 0# - CLUSTER ISSN |
| Cluster ISSN |
0251-4788 |
| Source |
z |
| 029 1# - OTHER SYSTEM CONTROL NUMBER (OCLC) |
| OCLC library identifier |
AU@ |
| System control number |
000015844979 |
| 029 1# - OTHER SYSTEM CONTROL NUMBER (OCLC) |
| OCLC library identifier |
NZ1 |
| System control number |
4349587 |
| 035 ## - SYSTEM CONTROL NUMBER |
| System control number |
(OCoLC)7772232 |
| 037 ## - SOURCE OF ACQUISITION |
| Source of stock number/acquisition |
Taiwan Theological College, 20, Lane 2, Sec. 2, Yang Teh Da Rd., Shihlin, Taipei, Taiwan |
| 040 ## - CATALOGING SOURCE |
| Original cataloging agency |
CFT |
| Language of cataloging |
eng |
| Description conventions |
rda |
| Transcribing agency |
CFT |
| Modifying agency |
OCLCQ |
| -- |
AIP |
| -- |
NSD |
| -- |
NST |
| -- |
OCLCQ |
| -- |
ZCU |
| -- |
OCLCQ |
| -- |
UKMGB |
| -- |
OCLCQ |
| -- |
OCLCO |
| -- |
OCLCF |
| -- |
P4I |
| -- |
OCLCQ |
| -- |
OCLCL |
| -- |
NDD |
| -- |
OCLCQ |
| 041 0# - LANGUAGE CODE |
| Language code of text/sound track or separate title |
eng |
| -- |
eng |
| 042 ## - AUTHENTICATION CODE |
| Authentication code |
nsdp |
| -- |
nsdp |
| 050 00 - LIBRARY OF CONGRESS CALL NUMBER |
| Classification number |
BR118 |
| Item number |
.T35 |
| 066 ## - CHARACTER SETS PRESENT |
| Alternate G0 or G1 character set |
$1 |
| 082 0# - DEWEY DECIMAL CLASSIFICATION NUMBER |
| Classification number |
230/.05 |
| Edition information |
19 |
| Real World Object URI |
https://id.oclc.org/worldcat/ddc/E49rDxWtC3qRjTth34QdpttJxK |
| 210 0# - ABBREVIATED TITLE |
| Abbreviated title |
Táiwān shénxué lùnkān |
| 222 #0 - KEY TITLE |
| Key title |
Táiwān shénxué lùnkān |
| 245 00 - TITLE STATEMENT |
| Linkage |
880-01 |
| Title |
Taiwan shen xue lun kan = |
| Remainder of title |
Taiwan journal of theology. |
| 246 31 - VARYING FORM OF TITLE |
| Title proper/short title |
Taiwan journal of theology |
| 264 #1 - PRODUCTION, PUBLICATION, DISTRIBUTION, MANUFACTURE, AND COPYRIGHT NOTICE |
| Linkage |
880-02 |
| Place of production, publication, distribution, manufacture |
Taibei Shi : |
| Name of producer, publisher, distributor, manufacturer |
Taiwan shen xue yuan, |
| Date of production, publication, distribution, manufacture, or copyright notice |
[Minguo 68 nian i.e. 1979]- |
| 300 ## - PHYSICAL DESCRIPTION |
| Extent |
volumes ; |
| Dimensions |
24 cm |
| 336 ## - CONTENT TYPE |
| Content type term |
text |
| Content type code |
txt |
| Source |
rdacontent |
| 337 ## - MEDIA TYPE |
| Media type term |
unmediated |
| Media type code |
n |
| Source |
rdamedia |
| 338 ## - CARRIER TYPE |
| Carrier type term |
volume |
| Carrier type code |
nc |
| Source |
rdacarrier |
| 362 0# - DATES OF PUBLICATION AND/OR SEQUENTIAL DESIGNATION |
| Linkage |
880-03 |
| Dates of publication and/or sequential designation |
Di 1 juan di 1 qi (min guo 68 nian 3 yue [Mar. 1979])- |
| 500 ## - GENERAL NOTE |
| General note |
"Promoting theological scholarship." |
| 500 ## - GENERAL NOTE |
| General note |
Title from cover. |
| 515 ## - NUMBERING PECULIARITIES NOTE |
| Linkage |
880-04 |
| Numbering peculiarities note |
Issue for Mar. 1982 called also ji nian kan. |
| 546 ## - LANGUAGE NOTE |
| Language note |
Chinese and English. |
| 588 ## - SOURCE OF DESCRIPTION NOTE |
| Source of description note |
Latest issue consulted: No. 29 (2007). |
| 650 #0 - SUBJECT ADDED ENTRY--TOPICAL TERM |
| Topical term or geographic name entry element |
Theology. |
| 650 #7 - SUBJECT ADDED ENTRY--TOPICAL TERM |
| Topical term or geographic name entry element |
Theology. |
| Source of heading or term |
fast |
| Authority record control number or standard number |
(OCoLC)fst01149559 |
| 710 2# - ADDED ENTRY--CORPORATE NAME |
| Linkage |
880-05 |
| Corporate name or jurisdiction name as entry element |
Taiwan shen xue yuan. |
| Real World Object URI |
https://id.oclc.org/worldcat/entity/E39QH7JmqDWtgwXJfTMxqWDmtg |
| 880 00 - ALTERNATE GRAPHIC REPRESENTATION |
| Linkage |
245-01/$1 |
| a |
$1!58!IC!Nk!:`!Y$!3U(B = |
| b |
Taiwan journal of theology. |
| 880 #1 - ALTERNATE GRAPHIC REPRESENTATION |
| Linkage |
264-02/$1 |
| a |
$1!58!4I(B : |
| b |
$1!58!IC!Nk!:`!^z(B, |
| c |
[$1!FM!7o(B68$1!<e(B i.e.] 1979- |
| 880 0# - ALTERNATE GRAPHIC REPRESENTATION |
| Linkage |
362-03/$1 |
| a |
$1!Os(B1$1'@{!Os(B1$1!Cd(B($1!FM!7o(B68$1!<e(B3$1!C[(B)- |
| 880 ## - ALTERNATE GRAPHIC REPRESENTATION |
| Linkage |
515-04/$1 |
| a |
Issue for Mar. 1982 called also $1!Pp!>'!3U(B. |
| 880 2# - ALTERNATE GRAPHIC REPRESENTATION |
| Linkage |
710-05/$1 |
| a |
$1!58!IC!Nk!:`!^z(B. |
| 906 ## - LOCAL DATA ELEMENT F, LDF (RLIN) |
| a |
7 |
| b |
cbc |
| c |
serials |
| d |
3 |
| e |
ncip |
| f |
19 |
| g |
n-oclcserc |
| 991 ## - |
| -- |
c-Asian |
| -- |
BR118 |
| -- |
.T35 |
| -- |
SERIALS |